| 000 | 00457nam a2200145 a 4500 | ||
|---|---|---|---|
| 008 | 120416s1975 ||||||||||||||||| || u | ||
| 050 | _aPR 9199.3 Liv | ||
| 100 | _aLivesay, Dorothy | ||
| 245 | 1 | 0 | _aBeginnings |
| 246 | _aa Winnipeg childhood | ||
| 260 |
_aToronto _bNew Press _c1975 |
||
| 300 | _a105p. | ||
| 350 | _a0.00 | ||
| 995 |
_D0.00 _FCBU-MAIN LIBRARY (Kitwe) _H1 _I0.00 _M1 _UDAMAGED _ZFiction Collection |
||
| 999 |
_c35694 _d35694 |
||